00930nam a2200277 a 450000100100000000500170001000800410002702000150006804000250008308200240010810000220013224501070015425000110026126000380027230000280031049000090033850000220034750400740036965000550044365000520049865000340055065000140058470000180059870000270061683000090064300002294220240425175853.0101123s2000 mx a 001 0 spa d a9701704134 aDO-SdBNPbspacBNPHU a515.33bP985c, 20001 aPurcell, Edwin J.10aCálculo diferencial e integral /cEdwin J. Purcell y Dale Varberg ; traducción de Elena de Oteyza. a6a ed. aMéxico :bPrentice Hall,c2000. a462 p. :bil. ;c25 cm.1 aAwli aIncluye índice. aIncluye referencias bibliográficas y notas al pie de las páginas. 4aCálculo diferencialvPROBLEMAS, EJERCICIOS, ETC. 4aCálculo integralvPROBLEMAS, EJERCICIOS, ETC. 4aMatemáticas para ingenieros 0aCálculo1 aVarberg, Dale1 aOteyza, Elena de,etr. 0aAwli